Broken bread: (Record no. 14224)

000 -LEADER
fixed length control field 00614nam a2200193 a 4500
001 - CONTROL NUMBER
control field :::00012053$&:&@@
003 - CONTROL NUMBER IDENTIFIER
control field OkBaRHE
005 - DATE AND TIME OF LATEST TRANSACTION
control field 20000607103415.0
008 - FIXED-LENGTH DATA ELEMENTS--GENERAL INFORMATION
fixed length control field s1957 j 000 0 eng u
040 ## - CATALOGING SOURCE
Transcribing agency
100 1# - MAIN ENTRY--PERSONAL NAME
Personal name Follette, John Wright.
245 10 - TITLE STATEMENT
Title Broken bread:
Remainder of title a book of sermons and poems.
260 ## - PUBLICATION, DISTRIBUTION, ETC. (IMPRINT)
Place of publication, distribution, etc Springfield, MO., :
Name of publisher, distributor, etc Gospel Publishing House
Date of publication, distribution, etc c1957
300 ## - PHYSICAL DESCRIPTION
Extent 216 p. ;
Dimensions 20 cm.
650 ## - SUBJECT ADDED ENTRY--TOPICAL TERM
Topical term or geographic name as entry element Assemblies of God
General subdivision Sermons
650 ## - SUBJECT ADDED ENTRY--TOPICAL TERM
Topical term or geographic name as entry element Sermons
General subdivision American
942 ## - ADDED ENTRY ELEMENTS (KOHA)
Source of classification or shelving scheme
Koha item type Books
Copies
Copy number Price effective from Date acquired Withdrawn status Barcode Full call number Koha item type Not for loan Source of classification or shelving scheme Date last seen Lost status Damaged status Permanent Location Shelving location
12010-04-142010-04-14 12053BX 8769 .Z6F6Books  2010-04-14  RHEMA Bible Training CollegeGeneral Stacks